[Event "BL2-West 2223"]
[Site "Germany"]
[Date "2023.02.05"]
[Round "6.5"]
[White "Korotkjevich, Stanislav"]
[Black "Weber, Samuel"]
[Result "0-1"]
[WhiteElo "2364"]
[BlackElo "2198"]
[PlyCount "148"]
[EventDate "2022.10.22"]
[EventType "team-tourn"]
[EventRounds "10"]
[EventCountry "GER"]
[SourceTitle "EXT 2024"]
[Source "ChessBase"]
[SourceDate "2023.10.10"]
[SourceVersion "1"]
[SourceVersionDate "2023.10.10"]
[SourceQuality "1"]
[WhiteTeam "Koeln Porz"]
[BlackTeam "Oberursel"]
[WhiteTeamCountry "GER"]
[BlackTeamCountry "GER"]

1. d4 Nf6 2. Nf3 e6 3. e3 b6 4. Bd3 Bb7 5. 0-0 Be7 6. Nbd2 d5 7. c4 Nbd7 8. Qc2 0-0 9. b3 c5 10. Bb2 cxd4 11. exd4 Rc8 12. Rfe1 h6 13. Rad1 Qc7 14. h3 Rfd8 15. Qb1 Qb8 16. Re3 Qa8 17. Nf1 Ne4 18. cxd5 exd5 19. Ng3 Ndf6 20. Ne5 Bf8 21. Ne2 Rc7 22. f3 Nd6 23. Rc1 Rxc1+ 24. Qxc1 Qc8 25. Bc2 Ba6 26. Nf4 g5 27. Ne2 Bxe2 28. Rxe2 Qa6 29. Qe3 Qxa2 30. h4 g4 31. Qf4 Bg7 32. Nxg4 Nxg4 33. Qxg4 Re8 34. f4 Qxb2 35. Bh7+ Kxh7 36. Rxb2 Bxd4+ 37. Kh2 Bxb2 38. Qd7 Re6 39. f5 Nxf5 40. Qxf7+ Ng7 41. Qxa7 h5 42. Qd7 Be5+ 43. g3 d4 44. Qd5 Bf6 45. Kg2 Re3 46. Qd6 Re6 47. Qd5 Kg6 48. Kf2 Re5 49. Qd6 b5 50. b4 Nf5 51. Qd7 Ne3 52. Kf3 Nc4 53. g4 hxg4+ 54. Qxg4+ Kh7 55. h5 Nd2+ 56. Kf2 Ne4+ 57. Kf1 Ng5 58. Qf4 Bg7 59. Qg4 Kh6 60. Qd7 Bf6 61. Qc6 Rf5+ 62. Ke2 Kxh5 63. Qe8+ Kh6 64. Qf8+ Kh7 65. Qa8 Re5+ 66. Kd2 Kg7 67. Qb7+ Kg6 68. Qa8 Ne4+ 69. Kd3 Nd6 70. Qg2+ Kf7 71. Qa2+ Nc4 72. Qa7+ Re7 73. Qc5 Re3+ 74. Kc2 Rc3+ 0-1

[Event "BL2-West 2223"]
[Site "Germany"]
[Date "2022.11.27"]
[Round "4.6"]
[White "Korotkjevich, Stanislav"]
[Black "Roshka, Yevgeniy"]
[Result "1/2-1/2"]
[WhiteElo "2364"]
[BlackElo "2510"]
[PlyCount "130"]
[EventDate "2022.10.22"]
[EventType "team-tourn"]
[EventRounds "10"]
[EventCountry "GER"]
[SourceTitle "EXT 2024"]
[Source "ChessBase"]
[SourceDate "2023.10.10"]
[SourceVersion "1"]
[SourceVersionDate "2023.10.10"]
[SourceQuality "1"]
[WhiteTeam "Koeln Porz"]
[BlackTeam "Siegburg"]
[WhiteTeamCountry "GER"]
[BlackTeamCountry "GER"]

1. d4 Nf6 2. Nf3 e6 3. c4 Bb4+ 4. Nbd2 0-0 5. e3 b6 6. Be2 Bb7 7. 0-0 d5 8. a3 Be7 9. b4 c5 10. bxc5 bxc5 11. Rb1 Qc7 12. Qb3 Ba6 13. Bb2 Nbd7 14. Rfe1 Rfb8 15. Qa4 Rb6 16. Bc3 Rxb1 17. Rxb1 Qc8 18. Ne5 Nb6 19. Qb3 Rb8 20. Bf1 Bd6 21. Qa2 Qc7 22. g3 cxd4 23. exd4 Bxe5 24. dxe5 Nfd7 25. Bd4 Nxc4 26. Rxb8+ Nxb8 27. Nxc4 dxc4 28. Bc3 Nd7 29. Qd2 h6 30. Qd4 Nb6 31. Ba5 Qc6 32. Bg2 Qc8 33. Bxb6 axb6 34. Qxb6 c3 35. Be4 g6 36. h4 Kg7 37. Qe3 Qc7 38. Bc2 Bb7 39. f3 Qc4 40. Qf4 Qc5+ 41. Kg2 Qd5 42. Qe3 Qc4 43. Kf2 Ba6 44. g4 Qf1+ 45. Kg3 Qa1 46. a4 Kg8 47. h5 g5 48. Be4 Qh1 49. Qb6 Qe1+ 50. Qf2 Qd2 51. a5 Bd3 52. Bxd3 Qxd3 53. Qc5 c2 54. a6 Qxa6 55. Qxc2 Qb6 56. Qf2 Qb4 57. Qe3 Qb1 58. Kg2 Qc2+ 59. Kg3 Qd1 60. f4 gxf4+ 61. Qxf4 Qg1+ 62. Kh3 Qh1+ 63. Kg3 Qg1+ 64. Kh3 Qh1+ 65. Kg3 Qg1+ 1/2-1/2

[Event "BL2-West 1920"]
[Site "Germany"]
[Date "2020.02.09"]
[Round "6.7"]
[White "Korotkjevich, Stanislav"]
[Black "Peschel, Andreas"]
[Result "1/2-1/2"]
[WhiteElo "2374"]
[BlackElo "2158"]
[PlyCount "68"]
[EventDate "2019.09.19"]
[EventType "team-tourn"]
[EventRounds "9"]
[EventCountry "GER"]
[SourceTitle "EXT 2023"]
[Source "ChessBase"]
[SourceDate "2022.10.05"]
[SourceVersion "1"]
[SourceVersionDate "2022.10.05"]
[SourceQuality "1"]
[WhiteTeam "Koeln Porz"]
[BlackTeam "Solingen II"]
[WhiteTeamCountry "GER"]
[BlackTeamCountry "GER"]

1. d4 d5 2. Bf4 Nf6 3. e3 c5 4. c3 e6 5. Nd2 Nc6 6. Bb5 Bd6 7. Bg3 0-0 8. Ngf3 Bxg3 9. hxg3 Qd6 10. Qa4 Bd7 11. Qa3 b6 12. Nb3 Ne7 13. Bd3 Rfc8 14. Ne5 Ng6 15. f4 Qc7 16. Ba6 Re8 17. Nd2 Nf8 18. g4 Red8 19. g5 Ne4 20. Nxe4 dxe4 21. 0-0-0 Be8 22. dxc5 Rd5 23. Rxd5 exd5 24. Rd1 Rd8 25. c4 Ne6 26. cxd5 Nxc5 27. Kb1 Nxa6 28. Qxa6 Qc5 29. Rc1 Qxe3 30. Qxa7 Qd4 31. Nc6 Qd3+ 32. Rc2 Qd1+ 33. Rc1 Qd3+ 34. Rc2 Qd1+ 1/2-1/2

[Event "BL2-West 1920"]
[Site "Germany"]
[Date "2020.01.19"]
[Round "5.5"]
[White "Cremer, Kevin"]
[Black "Korotkjevich, Stanislav"]
[Result "1/2-1/2"]
[WhiteElo "2280"]
[BlackElo "2375"]
[PlyCount "80"]
[EventDate "2019.09.19"]
[EventType "team-tourn"]
[EventRounds "9"]
[EventCountry "GER"]
[SourceTitle "EXT 2023"]
[Source "ChessBase"]
[SourceDate "2022.10.05"]
[SourceVersion "1"]
[SourceVersionDate "2022.10.05"]
[SourceQuality "1"]
[WhiteTeam "Schott Mainz"]
[BlackTeam "Koeln Porz"]
[WhiteTeamCountry "GER"]
[BlackTeamCountry "GER"]

1. b3 Nf6 2. Bb2 g6 3. Bxf6 exf6 4. c4 Bg7 5. e3 0-0 6. Nc3 f5 7. g3 d6 8. Bg2 Nd7 9. Nge2 Nf6 10. 0-0 Re8 11. Rc1 c6 12. b4 a6 13. a4 Be6 14. b5 axb5 15. axb5 Bd7 16. bxc6 bxc6 17. c5 d5 18. Na4 Ra5 19. Nb6 Ne4 20. d4 h5 21. h4 Bc8 22. Qc2 Ba6 23. Ra1 Rxa1 24. Rxa1 Bxe2 25. Ra8 Qe7 26. Rxe8+ Qxe8 27. Qxe2 Qe7 28. Qa6 Kh7 29. Qc8 f4 30. gxf4 Qxh4 31. Bxe4 dxe4 32. Nc4 f5 33. Nb2 Qg4+ 34. Kf1 h4 35. Qd8 h3 36. Qg5 Qf3 37. Qg3 Qh1+ 38. Qg1 Qf3 39. Qg3 Qh1+ 40. Qg1 Qf3 1/2-1/2

[Event "Oberliga NRW 1819"]
[Site "Germany"]
[Date "2019.05.12"]
[Round "9"]
[White "Sandkamp, Ralph"]
[Black "Korotkjevich, Stanislav"]
[Result "1/2-1/2"]
[WhiteElo "2249"]
[BlackElo "2374"]
[PlyCount "111"]
[EventDate "2018.09.16"]
[EventType "team-tourn"]
[EventRounds "9"]
[EventCountry "GER"]
[SourceTitle "EXT 2020"]
[Source "ChessBase"]
[SourceDate "2019.10.17"]
[SourceVersion "1"]
[SourceVersionDate "2019.10.17"]
[SourceQuality "1"]
[WhiteTeam "Wattenscheid"]
[BlackTeam "Koeln Porz"]
[WhiteTeamCountry "GER"]
[BlackTeamCountry "GER"]

1. Nf3 d6 2. d4 g6 3. g3 Bg7 4. Bg2 Nd7 5. 0-0 e5 6. dxe5 dxe5 7. e4 Ne7 8. b3 0-0 9. Bb2 Re8 10. Re1 Nc6 11. Nc3 b6 12. Qd2 Bb7 13. Rad1 Nc5 14. Qxd8 Raxd8 15. Nd5 Ne6 16. c3 Nb8 17. Ba3 Rd7 18. Nd2 Red8 19. Nc4 f6 20. Be7 c6 21. Bh3 Kf7 22. Bxd8 cxd5 23. exd5 Nxd8 24. Bxd7 Nxd7 25. Nd6+ Ke7 26. Nxb7 Nxb7 27. c4 Nd6 28. f3 Bh6 29. Kf2 a5 30. Re2 Nc5 31. Rc2 Nf5 32. Rc3 Nd4 33. Ke1 Kd6 34. Rb1 b5 35. cxb5 Nxb5 36. Rc4 Na3 37. Rd1 Nxc4 38. bxc4 Be3 39. Rb1 Nd7 40. Rb5 Bb6 41. Ke2 f5 42. c5+ Bxc5 43. Rxa5 Kxd5 44. Ra8 e4 45. a4 g5 46. Rg8 exf3+ 47. Kxf3 Ne5+ 48. Kg2 h6 49. a5 f4 50. gxf4 gxf4 51. a6 f3+ 52. Kg3 f2 53. Kg2 Nf3 54. Rf8 Nxh2 55. a7 Bxa7 56. Kxh2 1/2-1/2

[Event "Oberliga NRW 1819"]
[Site "Germany"]
[Date "2019.03.17"]
[Round "7.4"]
[White "Korotkjevich, Stanislav"]
[Black "Wilde, Pierre"]
[Result "1-0"]
[WhiteElo "2374"]
[BlackElo "2284"]
[PlyCount "89"]
[EventDate "2018.09.16"]
[EventType "team-tourn"]
[EventRounds "9"]
[EventCountry "GER"]
[SourceTitle "EXT 2020"]
[Source "ChessBase"]
[SourceDate "2019.10.17"]
[SourceVersion "1"]
[SourceVersionDate "2019.10.17"]
[SourceQuality "1"]
[WhiteTeam "Koeln Porz"]
[BlackTeam "Muenster"]
[WhiteTeamCountry "GER"]
[BlackTeamCountry "GER"]

1. d4 e6 2. Nf3 c5 3. c3 Nf6 4. Bf4 b6 5. e3 Be7 6. h3 0-0 7. Bd3 Ba6 8. Bxa6 Nxa6 9. 0-0 Qc8 10. Nbd2 Qb7 11. Qe2 d5 12. Rfe1 Rac8 13. a4 Nc7 14. a5 b5 15. dxc5 Bxc5 16. Nb3 Be7 17. Ne5 Nce8 18. a6 Qb6 19. Qd3 Nd6 20. Qd4 Qb8 21. Na5 Nf5 22. Nec6 Qa8 23. Qxa7 Qxa7 24. Nxa7 Ra8 25. N5c6 Bd6 26. Nxb5 Bxf4 27. exf4 Rfc8 28. Ncd4 Nxd4 29. Nxd4 Nd7 30. Ra5 Kf8 31. g3 Nb6 32. Rea1 Nc4 33. Rb5 Nd6 34. Rb4 Ke8 35. a7 Kd7 36. Ra6 Nc4 37. Nb5 Rc6 38. Ra2 Rb6 39. Raa4 Rb7 40. Ra6 h5 41. Kg2 Rb6 42. Rxb6 Nxb6 43. Nd6 Kc6 44. Nxf7 Rxa7 45. Nd8+ 1-0

[Event "Oberliga NRW 1617"]
[Site "Germany"]
[Date "2017.05.21"]
[Round "9.2"]
[White "Korotkjevich, Stanislav"]
[Black "Becker, Marcel"]
[Result "1-0"]
[WhiteElo "2385"]
[BlackElo "2378"]
[PlyCount "105"]
[EventDate "2016.09.25"]
[EventType "team-tourn"]
[EventRounds "9"]
[EventCountry "GER"]
[SourceTitle "EXT 2020"]
[Source "ChessBase"]
[SourceDate "2019.10.17"]
[SourceVersion "1"]
[SourceVersionDate "2019.10.17"]
[SourceQuality "1"]
[WhiteTeam "Koeln Porz II"]
[BlackTeam "Oberhausen"]
[WhiteTeamCountry "GER"]
[BlackTeamCountry "GER"]

1. Nf3 d5 2. b3 Bg4 3. Bb2 Nd7 4. e3 c6 5. Be2 Ngf6 6. 0-0 e6 7. c4 Bd6 8. h3 Bh5 9. d3 0-0 10. Nbd2 Qe7 11. Rc1 Ba3 12. Qc2 a5 13. Bxa3 Qxa3 14. Nb1 Qe7 15. Nc3 Rfd8 16. Qb2 Bxf3 17. Bxf3 dxc4 18. dxc4 e5 19. Rfd1 e4 20. Be2 Nc5 21. Qa3 b6 22. Na4 Qa7 23. Nxc5 bxc5 24. Rxd8+ Rxd8 25. Rd1 Rxd1+ 26. Bxd1 Qd7 27. Qc1 Qd3 28. Bc2 Qc3 29. Qb1 g6 30. g3 h5 31. Bxe4 Nxe4 32. Qxe4 Qa1+ 33. Kg2 Qxa2 34. Qe8+ Kg7 35. Qxc6 Qxb3 36. Qxc5 a4 37. Qe5+ Kg8 38. c5 Qb7+ 39. e4 a3 40. Qe8+ Kg7 41. c6 Qb5 42. Qa8 Qc4 43. Qxa3 Qxc6 44. Qb2+ Kg8 45. Qe5 Qc2 46. Qd5 Qe2 47. Qd4 Kf8 48. e5 Kg8 49. g4 hxg4 50. hxg4 Qe1 51. Kg3 Qg1+ 52. Kf4 Qh2+ 53. Kg5 1-0

[Event "Schwert von Luelsdorf op 27th"]
[Site "Niederkassel"]
[Date "2016.09.04"]
[Round "5"]
[White "Korotkjevich, Stanislav"]
[Black "Broehl, Stephan"]
[Result "1-0"]
[WhiteElo "2385"]
[BlackElo "2149"]
[PlyCount "63"]
[EventDate "2016.09.04"]
[EventType "swiss (rapid)"]
[EventRounds "9"]
[EventCountry "GER"]
[SourceTitle "CBM 174 Extra"]
[Source "ChessBase"]
[SourceDate "2016.10.10"]
[SourceVersion "1"]
[SourceVersionDate "2016.10.10"]
[SourceQuality "1"]

1. d4 d5 2. Nf3 Nf6 3. c4 c6 4. e3 Bg4 5. Nc3 e6 6. Qb3 Qb6 7. Ne5 Bf5 8. Bd2 Qxb3 9. axb3 Bc2 10. c5 Bxb3 11. Bd3 Nfd7 12. Nxd7 Nxd7 13. Ra3 Bc4 14. Bxc4 dxc4 15. Ra4 b5 16. cxb6 Nxb6 17. Ra6 Bb4 18. Ke2 0-0 19. Rha1 Nc8 20. Rxc6 Nd6 21. Nb5 Nxb5 22. Bxb4 Rfc8 23. Rxc8+ Rxc8 24. Bc5 Rc7 25. Kd2 e5 26. Ra4 exd4 27. exd4 f6 28. Rxc4 Nd6 29. Rc1 Ne4+ 30. Ke3 Ng5 31. Ra1 Rb7 32. b4 1-0

[Event "Schwert von Luelsdorf op 27th"]
[Site "Niederkassel"]
[Date "2016.09.04"]
[Round "1"]
[White "Korotkjevich, Stanislav"]
[Black "Woeltge, Carsten"]
[Result "1-0"]
[WhiteElo "2385"]
[BlackElo "1886"]
[PlyCount "55"]
[EventDate "2016.09.04"]
[EventType "swiss (rapid)"]
[EventRounds "9"]
[EventCountry "GER"]
[SourceTitle "CBM 174 Extra"]
[Source "ChessBase"]
[SourceDate "2016.10.10"]
[SourceVersion "1"]
[SourceVersionDate "2016.10.10"]
[SourceQuality "1"]

1. d4 Nf6 2. c4 c5 3. d5 b5 4. Qc2 Na6 5. a3 bxc4 6. e4 d6 7. Bxc4 Nc7 8. Nc3 g6 9. f4 Bg7 10. Nf3 0-0 11. 0-0 Rb8 12. b3 Bd7 13. Bb2 Bb5 14. Nxb5 Nxb5 15. e5 dxe5 16. Nxe5 Qd6 17. Rad1 Nd7 18. Rfe1 Nd4 19. Bxd4 cxd4 20. Nc6 Rb7 21. g3 Nb6 22. Kg2 Nxd5 23. Nxd4 e6 24. Nxe6 fxe6 25. Rxe6 Qxe6 26. Bxd5 Qxd5+ 27. Rxd5 Re7 28. Qd3 1-0

[Event "Oberliga NRW 1516"]
[Site "Germany"]
[Date "2016.02.14"]
[Round "6.3"]
[White "De Gleria, Francesco"]
[Black "Korotkjevich, Stanislav"]
[Result "1/2-1/2"]
[WhiteElo "2346"]
[BlackElo "2333"]
[PlyCount "74"]
[EventDate "2015.09.27"]
[EventType "team-tourn"]
[EventRounds "9"]
[EventCountry "GER"]
[SourceTitle "EXT 2017"]
[Source "ChessBase"]
[SourceDate "2016.10.25"]
[SourceVersion "1"]
[SourceVersionDate "2016.10.25"]
[SourceQuality "1"]
[WhiteTeam "Duesseldorf"]
[BlackTeam "Koeln Porz II"]
[WhiteTeamCountry "GER"]
[BlackTeamCountry "GER"]

1. e4 c5 2. Nf3 d6 3. d4 Nf6 4. Nc3 cxd4 5. Nxd4 Nc6 6. Bg5 e6 7. Qd2 a6 8. 0-0-0 Bd7 9. f4 h6 10. Bxf6 Qxf6 11. Nxc6 Bxc6 12. Bd3 Be7 13. Rhf1 Rc8 14. Ne2 h5 15. Qe3 h4 16. Nd4 Bd7 17. Nf3 Qh6 18. Kb1 Bc6 19. g4 hxg3 20. hxg3 Qh5 21. e5 Bxf3 22. Rxf3 dxe5 23. fxe5 Rc5 24. Qe4 Rd5 25. Re1 Rxe5 26. Qxe5 Qxf3 27. Be4 Qf2 28. Bxb7 Bd6 29. Bc6+ Ke7 30. Qg5+ Qf6 31. Qe3 Rb8 32. c3 Qg6+ 33. Be4 Qxg3 34. Qa7+ Bc7 35. Qc5+ Bd6 36. Qa7+ Bc7 37. Qc5+ Bd6 1/2-1/2

[Event "Oberliga NRW 1516"]
[Site "Germany"]
[Date "2016.01.10"]
[Round "5.3"]
[White "Korotkjevich, Stanislav"]
[Black "Geirnaert, Steven"]
[Result "1/2-1/2"]
[WhiteElo "2333"]
[BlackElo "2424"]
[PlyCount "31"]
[EventDate "2015.09.27"]
[EventType "team-tourn"]
[EventRounds "9"]
[EventCountry "GER"]
[SourceTitle "EXT 2017"]
[Source "ChessBase"]
[SourceDate "2016.10.25"]
[SourceVersion "1"]
[SourceVersionDate "2016.10.25"]
[SourceQuality "1"]
[WhiteTeam "Koeln Porz II"]
[BlackTeam "Wuerselen"]
[WhiteTeamCountry "GER"]
[BlackTeamCountry "GER"]

1. d4 Nf6 2. Nf3 e6 3. c4 b6 4. a3 Bb7 5. Nc3 Ne4 6. Qc2 f5 7. g3 Be7 8. Bg2 Nxc3 9. Qxc3 0-0 10. 0-0 Be4 11. b4 a5 12. Bb2 Bf6 13. Qd2 Nc6 14. Rfd1 axb4 15. axb4 Ne7 16. b5 1/2-1/2

[Event "Oberliga NRW 1516"]
[Site "Germany"]
[Date "2015.10.25"]
[Round "2.2"]
[White "Korotkjevich, Stanislav"]
[Black "Becker, Marcel"]
[Result "1-0"]
[WhiteElo "2333"]
[BlackElo "2321"]
[PlyCount "125"]
[EventDate "2015.09.27"]
[EventType "team-tourn"]
[EventRounds "9"]
[EventCountry "GER"]
[SourceTitle "EXT 2017"]
[Source "ChessBase"]
[SourceDate "2016.10.25"]
[SourceVersion "1"]
[SourceVersionDate "2016.10.25"]
[SourceQuality "1"]
[WhiteTeam "Koeln Porz II"]
[BlackTeam "Oberhausen"]
[WhiteTeamCountry "GER"]
[BlackTeamCountry "GER"]

1. d4 d5 2. c4 c6 3. Nc3 Nf6 4. e3 Bg4 5. f3 Bf5 6. cxd5 cxd5 7. Qb3 Bc8 8. Bd3 Nc6 9. Nge2 e6 10. Bd2 Bd6 11. 0-0 0-0 12. Rad1 e5 13. dxe5 Nxe5 14. Bb1 a6 15. Nf4 Be6 16. Bc1 Nc4 17. Nce2 Qe7 18. Rfe1 Rac8 19. Nd4 Bb8 20. Qd3 Qc7 21. g3 Ne5 22. Qe2 Qb6 23. b3 Rfe8 24. Bb2 Bd7 25. Qf2 Ng6 26. Kh1 Re7 27. Nf5 Bxf5 28. Bxf5 Rce8 29. Bd4 Qd6 30. Bxg6 fxg6 31. Bxf6 gxf6 32. Nxd5 Rf7 33. e4 Qa3 34. Rc1 Bd6 35. Qd4 Be5 36. Qd2 Bd6 37. Rc2 Bf8 38. Kg2 Bg7 39. Qb4 Qxb4 40. Nxb4 f5 41. Nd5 fxe4 42. Rxe4 Rd8 43. Nf4 Bf6 44. Ne6 Rb8 45. f4 Re7 46. Kf3 Kf7 47. Rce2 Rd7 48. R4e3 Rc8 49. g4 Rc6 50. f5 gxf5 51. gxf5 Rd5 52. Kf4 Rc1 53. Ng5+ Bxg5+ 54. Kxg5 Rg1+ 55. Kh6 Rxf5 56. Re7+ Kf8 57. Re8+ Kf7 58. R2e7+ Kf6 59. Re6+ Kf7 60. R8e7+ Kf8 61. Rxb7 Rf2 62. h4 Rh1 63. Rxa6 1-0

[Event "Oberliga NRW 1516"]
[Site "Germany"]
[Date "2015.09.27"]
[Round "1.2"]
[White "Morawietz, Dieter"]
[Black "Korotkjevich, Stanislav"]
[Result "1/2-1/2"]
[WhiteElo "2369"]
[BlackElo "2333"]
[PlyCount "248"]
[EventDate "2015.09.27"]
[EventType "team-tourn"]
[EventRounds "9"]
[EventCountry "GER"]
[SourceTitle "EXT 2017"]
[Source "ChessBase"]
[SourceDate "2016.10.25"]
[SourceVersion "1"]
[SourceVersionDate "2016.10.25"]
[SourceQuality "1"]
[WhiteTeam "Koeln SF"]
[BlackTeam "Koeln Porz II"]
[WhiteTeamCountry "GER"]
[BlackTeamCountry "GER"]

1. Nf3 Nf6 2. b4 g6 3. Bb2 Bg7 4. c4 0-0 5. e3 d6 6. Be2 a5 7. b5 e5 8. 0-0 e4 9. Ne1 c6 10. Nc3 d5 11. Na4 dxc4 12. Bxc4 cxb5 13. Bxb5 Bd7 14. Bxd7 Nbxd7 15. Rb1 Rb8 16. Ba3 Re8 17. Bd6 Rc8 18. Rxb7 Ne5 19. Bxe5 Rxe5 20. d4 exd3 21. Nxd3 Re7 22. Rxe7 Qxe7 23. Qb3 h5 24. Rd1 Ne4 25. Nb6 Rd8 26. Nd5 Qg5 27. N3f4 Kh7 28. f3 Nc5 29. Qb5 Ne6 30. Qxa5 Rd6 31. Nxe6 Rxe6 32. Qa7 Kg8 33. Qb8+ Bf8 34. Qc8 h4 35. f4 Qh5 36. Rd2 Qh8 37. Qc2 h3 38. a4 hxg2 39. Rxg2 Qa1+ 40. Kf2 Ra6 41. Ne7+ Kg7 42. Nf5+ Kh7 43. Qc4 Ra7 44. Nd4 Bg7 45. Nf3 Bf6 46. e4 Qxa4 47. Qxa4 Rxa4 48. e5 Rxf4 49. exf6 Rxf6 50. Rg4 Ra6 51. Rb4 f6 52. Rb7+ Kh6 53. Nd4 g5 54. Kf3 Kg6 55. Ke4 Ra2 56. h3 Rh2 57. Rb3 Ra2 58. Nc6 Ra4+ 59. Kf3 Kh5 60. Nb4 Ra5 61. Nd3 Ra4 62. Nf2 f5 63. Rb5 Ra3+ 64. Kg2 Kg6 65. Rb6+ Kh5 66. Rf6 Ra5 67. Rf8 Kg6 68. Re8 Ra3 69. Nh1 Ra2+ 70. Kg1 Ra1+ 71. Kg2 Ra2+ 72. Nf2 Ra3 73. Rd8 Ra2 74. Kg3 Ra3+ 75. Rd3 Ra4 76. Rb3 Kh5 77. Nd3 Re4 78. Nc5 Re7 79. Rd3 g4 80. hxg4+ fxg4 81. Rd5+ Kg6 82. Kxg4 Re1 83. Rd6+ Kf7 84. Kf5 Rf1+ 85. Ke5 Re1+ 86. Ne4 Ra1 87. Rc6 Ra5+ 88. Nc5 Ra1 89. Rf6+ Ke7 90. Rh6 Re1+ 91. Ne4 Kd7 92. Rd6+ Kc7 93. Rd3 Kc6 94. Rc3+ Kd7 95. Rc2 Re3 96. Kd4 Re1 97. Kd5 Rd1+ 98. Ke5 Re1 99. Rh2 Kc6 100. Rh8 Rd1 101. Rh6+ Kc7 102. Nc3 Rg1 103. Nd5+ Kd7 104. Rd6+ Kc8 105. Rc6+ Kb7 106. Rc7+ Ka6 107. Kd6 Re1 108. Rc4 Kb5 109. Rb4+ Ka5 110. Rb8 Ka4 111. Kc5 Rc1+ 112. Kd4 Ka5 113. Ne3 Ka6 114. Nc4 Rh1 115. Kc5 Rh5+ 116. Kc6 Rh6+ 117. Nd6 Ka5 118. Rb1 Ka4 119. Kd5 Rh5+ 120. Kd4 Rh4+ 121. Ne4 Ka5 122. Kd5 Rh5+ 123. Kc6 Rh6+ 124. Nd6 Ka4 1/2-1/2

[Event "Neckar op-A 19th"]
[Site "Deizisau"]
[Date "2015.04.04"]
[Round "5"]
[White "Piorun, Kacper"]
[Black "Korotkjevich, Stanislav"]
[Result "1-0"]
[WhiteElo "2528"]
[BlackElo "2371"]
[PlyCount "59"]
[EventDate "2015.04.02"]
[EventType "swiss"]
[EventRounds "9"]
[EventCountry "GER"]
[SourceTitle "CBM 165 Extra"]
[Source "ChessBase"]
[SourceDate "2015.04.21"]
[SourceVersion "1"]
[SourceVersionDate "2015.04.21"]
[SourceQuality "1"]

1. e4 Nc6 2. Nf3 d6 3. d4 Nf6 4. Nc3 Bg4 5. Be3 e6 6. h3 Bh5 7. d5 exd5 8. exd5 Nb8 9. g4 Bg6 10. Bg2 Be7 11. Nd4 Nfd7 12. 0-0 h5 13. f4 hxg4 14. hxg4 Nb6 15. b3 N8d7 16. Qe2 0-0 17. g5 Re8 18. Rae1 Bh7 19. Qg4 Nf8 20. f5 Nbd7 21. Ne4 Ne5 22. Qg3 Nfd7 23. f6 Bf8 24. fxg7 Bxg7 25. Nf6+ Bxf6 26. gxf6+ Ng6 27. Ne6 fxe6 28. f7+ Kh8 29. Bg5 Qc8 30. dxe6 1-0

[Event "BL2-West 1415"]
[Site "Germany"]
[Date "2014.09.21"]
[Round "1.7"]
[White "Korotkjevich, Stanislav"]
[Black "Zolfagharian, Kevin"]
[Result "0-1"]
[WhiteElo "2395"]
[BlackElo "2110"]
[PlyCount "68"]
[EventDate "2014.09.21"]
[EventType "team-tourn"]
[EventRounds "9"]
[EventCountry "GER"]
[SourceTitle "CBM 166 Extra"]
[Source "ChessBase"]
[SourceDate "2015.06.18"]
[SourceVersion "1"]
[SourceVersionDate "2015.06.18"]
[SourceQuality "1"]
[WhiteTeam "Koeln Porz"]
[BlackTeam "Solingen II"]
[WhiteTeamCountry "GER"]
[BlackTeamCountry "GER"]

1. d4 d5 2. Nf3 Nf6 3. c4 c6 4. e3 Bg4 5. cxd5 cxd5 6. Qa4+ Nbd7 7. Ne5 Bf5 8. Nc3 e6 9. h3 h6 10. Bd2 Be7 11. Rc1 0-0 12. Nxd7 Nxd7 13. Qb3 Qb6 14. Bb5 Nf6 15. Na4 Qd8 16. Be2 Ne4 17. Nc5 Bxc5 18. dxc5 Qh4 19. g3 Qf6 20. Bc3 d4 21. exd4 Nxf2 22. d5 e5 23. Bxe5 Qxe5 24. Kxf2 Rfe8 25. Qd1 Qe3+ 26. Kf1 Qxg3 27. Rc3 Re3 28. Rxe3 Qxe3 29. Bf3 Bc2 30. Qxc2 Qxf3+ 31. Kg1 Re8 32. Qf2 Qd3 33. c6 bxc6 34. dxc6 Re2 0-1

[Event "Oberliga NRW 1314"]
[Site "Germany"]
[Date "2014.04.06"]
[Round "8.2"]
[White "Rijnaarts, Sjef"]
[Black "Korotkjevich, Stanislav"]
[Result "0-1"]
[WhiteElo "2390"]
[BlackElo "2354"]
[PlyCount "70"]
[EventDate "2013.09.15"]
[EventType "team-tourn"]
[EventRounds "9"]
[EventCountry "GER"]
[SourceTitle "EXT 2015"]
[Source "ChessBase"]
[SourceDate "2014.11.20"]
[SourceVersion "1"]
[SourceVersionDate "2014.11.20"]
[SourceQuality "1"]
[WhiteTeam "Emsdetten Turm II"]
[BlackTeam "Koeln Porz II"]
[WhiteTeamCountry "GER"]
[BlackTeamCountry "GER"]

1. e4 c5 2. Nf3 Nc6 3. d4 cxd4 4. Nxd4 e5 5. Nb5 d6 6. N1c3 a6 7. Na3 Be6 8. Nd5 Nf6 9. Nxf6+ Qxf6 10. g3 h5 11. h3 Be7 12. Bg2 h4 13. g4 0-0 14. 0-0 b5 15. c3 b4 16. Nb1 Rfc8 17. b3 bxc3 18. Nxc3 Nd4 19. Bb2 Bd8 20. Na4 Bd7 21. Nc3 Bc6 22. f4 Bb6 23. Kh1 Qh6 24. Bc1 Nb5 25. Nxb5 Bxb5 26. fxe5 Qe6 27. Rf5 dxe5 28. Bb2 Rc5 29. b4 Rc4 30. Rxe5 Qg6 31. a3 Rd8 32. Rd5 Rxd5 33. Qxd5 Rc2 34. Bd4 Bc6 35. Qe5 Rxg2 0-1

[Event "BL2-West 1314"]
[Site "Germany"]
[Date "2014.01.19"]
[Round "5.6"]
[White "Korotkjevich, Stanislav"]
[Black "Armbruster, Alexander"]
[Result "1-0"]
[WhiteElo "2389"]
[BlackElo "2299"]
[PlyCount "121"]
[EventDate "2013.10.13"]
[EventType "team-tourn"]
[EventRounds "9"]
[EventCountry "GER"]
[SourceTitle "EXT 2015"]
[Source "ChessBase"]
[SourceDate "2014.11.20"]
[SourceVersion "1"]
[SourceVersionDate "2014.11.20"]
[SourceQuality "1"]
[WhiteTeam "Koeln Porz"]
[BlackTeam "Godesberg"]
[WhiteTeamCountry "GER"]
[BlackTeamCountry "GER"]

1. Nf3 g6 2. c4 Bg7 3. Nc3 c5 4. g3 Nc6 5. Bg2 d6 6. 0-0 Bg4 7. a3 Nh6 8. b4 0-0 9. Rb1 Rb8 10. Ne1 Qd7 11. Nd5 Bh3 12. Bb2 Bxg2 13. Nxg2 Ne5 14. d3 e6 15. Nde3 Nc6 16. Nc2 e5 17. bxc5 dxc5 18. Nce3 Nd4 19. Nd5 Qh3 20. f3 b6 21. e3 Nxf3+ 22. Qxf3 Ng4 23. Rfd1 Nxh2 24. Qe2 Qxg3 25. Qf2 Nf3+ 26. Kf1 Qg4 27. Ne1 Nxe1 28. Kxe1 f5 29. Kd2 f4 30. Rg1 fxe3+ 31. Qxe3 Qh4 32. Rbf1 Rbe8 33. Rh1 Qg4 34. Rxf8+ Rxf8 35. Ne7+ Kh8 36. Rh2 Qe6 37. Qg5 Rf6 38. Nd5 Qf5 39. Qg3 Rf7 40. Re2 b5 41. cxb5 Qd7 42. Ne3 Qxb5 43. Nc4 Kg8 44. Qh4 Rd7 45. Bxe5 Qb1 46. Qe4 Bh6+ 47. Kc3 Qa1+ 48. Kc2 Qc1+ 49. Kb3 Qd1+ 50. Kc3 Qa1+ 51. Nb2 Qxa3+ 52. Kc2 Qb4 53. Qa8+ Bf8 54. Rf2 Rf7 55. Rxf7 Kxf7 56. Qd5+ Ke8 57. Qc6+ Kf7 58. Nc4 Be7 59. Qd7 Kf8 60. Nd6 Qb8 61. Qe6 1-0